Clic Dans quel album de Tintin apparait ce personnage ? (4) - Statistiques

Statistiques générales
  • Ce quiz a été pris 46 fois
  • Le résultat moyen est 16 sur 40
Statistiques - réponses
Hint Explanation Réponse % Correct
Archibald Haddock marin d'origine française et le meilleur ami de Tintin. Le Crabe aux pinces d'or
71%
Yamato gangster japonais Le Lotus bleu
71%
Tom Hawake dirige les usines de conserve Slift Tintin en Amérique
71%
Tryphon Tournesol scientifique Le Trésor de Rackham le Rouge
64%
Abdallah fils unique de Mohammed Ben Kalish Ezab Tintin au pays de l'or noir
64%
Trovik rebelle syldave Le Sceptre d'Ottokar
57%
Bianca Castafiore cantatrice Le Sceptre d'Ottokar
57%
Irma camériste Le Sceptre d'Ottokar
57%
Colonel Jimenez officier santhéodorien L'Oreille cassée
57%
W.R. Gibbons directeur de l'American and Chinese Steel Company. Le Lotus bleu
50%
Liou Ju-Lin riche chinois Le Lotus bleu
50%
Igor Wagner pianiste Le Sceptre d'Ottokar
50%
Jeanne Clairmont femme de Jacques Clairmont Les Sept Boules de cristal
50%
Wronzoff chef d'une bande de trafiquants de fausse monnaie L'Île Noire
50%
Colonel Juanitos officier très loyal et compétent de l'armée de San Théodoros L'Oreille cassée
50%
Milou fox-terrier à poil dur Tintin au pays des Soviets
50%
Œil-de-Bœuf membre de la tribu des Pieds-Noirs Tintin en Amérique
50%
Laszlo Carreidas milliardaire Vol 714 pour Sydney
50%
Wizskizsek commandant de gendarmerie en Syldavie Le Sceptre d'Ottokar
43%
Zlop complotiste syldave Le Sceptre d'Ottokar
43%
Dupont policier belge Tintin au Congo
43%
Wladimirx agent soviétique du Guépéou Tintin au pays des Soviets
43%
Jimmy cow-boy Tintin en Amérique
43%
Marc Charlet membre de l'expédition Sanders-Hardmuth Les Sept Boules de cristal
36%
Jean-Loup de la Batellerie journaliste L'Île Noire
36%
McGregor marin à la retraite écossais et conteur notoire L'Île Noire
36%
Wirchwloff agent soviétique du Guépéou Tintin au pays des Soviets
36%
Mik Ezdanitoff savant Vol 714 pour Sydney
36%
Jules Rouget journaliste de La Dépêche Le Trésor de Rackham le Rouge
29%
Kaloma chef des Arumbayas. L'Oreille cassée
29%
Mike MacAdam détective américain Tintin en Amérique
29%
Le Goffic commandant du bateau de croisière Ville-de-Lyon L'Oreille cassée
21%
Dupond policier belge Tintin au Congo
21%
Kaviarovitch agent secret de la police syldave Le Sceptre d'Ottokar
14%
Lieutenant Kromie officier syldave Le Sceptre d'Ottokar
14%
Lord Carnawal égyptologue britannique disparu depuis les années 1930 Les Cigares du pharaon
14%
M. Trentin égyptologue et la 15ème victime des Frères de Kih-Oskh. Les Cigares du pharaon
14%
Jules agent de sécurité et concierge au Musée d'Ethnographie L'Oreille cassée
14%
Valet de ferme non nommé Le Trésor de Rackham le Rouge
7%
Jimmy MacDuff fournisseur des plus grands zoos d'Europe Tintin au Congo
0%
Aucun quiz correspondant
Distribution des résultats
% des personnes avec chaque résultat
Percentile par nombre de réponses
Votre historique - résultats
Vous n’avez pas pris ce quiz